Fr. Conceicao Rodrigues College of Engineering

Digital logic design principles (Record no. 24312)

MARC details
000 -LEADER
fixed length control field 00368nam a2200169Ia 4500
082 ## - DEWEY DECIMAL CLASSIFICATION NUMBER
Item number BAL
100 ## - MAIN ENTRY--PERSONAL NAME
Personal name Balabanian/Norman
245 ## - TITLE STATEMENT
Title Digital logic design principles
260 ## - PUBLICATION, DISTRIBUTION, ETC.
Name of publisher, distributor, etc. Wiley student edition
Place of publication, distribution, etc. Mumbai
Date of publication, distribution, etc. 2002
366 ## - TRADE AVAILABILITY INFORMATION
Publishers's discount category 20
300 ## - PHYSICAL DESCRIPTION
Extent 373
546 ## - LANGUAGE NOTE
Language note ENGLISH
650 ## - SUBJECT ADDED ENTRY--TOPICAL TERM
Topical term or geographic name entry element Logic Design
654 ## - SUBJECT ADDED ENTRY--FACETED TOPICAL TERMS
Focus term logic design
942 ## - ADDED ENTRY ELEMENTS (KOHA)
Koha item type BOOK
Holdings
Withdrawn status Lost status Damaged status Not for loan Collection Home library Current library Date acquired Source of acquisition Cost, normal purchase price Inventory number Total Checkouts Full call number Barcode Date last seen Cost, replacement price Price effective from Koha item type
        CRC Fr. Agnel's C.Rodrigues College of Engineering Fr. Agnel's C.Rodrigues College of Engineering 17/03/2023 Professional Book house 295.20 73 dt 25/07/2008   BAL 18865 17/03/2023 369.00   BOOK